000 00762nam a2200229 4500
001 124261
003 ES-MaACL
005 20250827062622.0
007 t|
008 070214s1966 sp r ||||1| spa d
080 _a342.4(46)"1966"
110 1 _aEspaña
_93622
245 1 0 _aReferendum 1966
_b: Nueva constitución /
_c[Mensaje de S.E. el Jefe del Estado].
260 _aMadrid :
_b[Servicio Informativo Español,
_c1966]
300 _a207 p., 7, 4 lám. ;
_c21 cm.
490 1 _aDocumentos políticos ;
_v7
650 0 4 _aDerecho político-
_zEspaña
_911758
700 1 _aFranco Bahamonde, Francisco,
_d1892-1975
_952240
830 0 _aDocumentos políticos ;
_v7
_9181246
852 _aES-MaACL
_jC-22017
_bR.61326
999 _c124261
_d124261